| 000 | 00828nam a22001937a 4500 | ||
|---|---|---|---|
| 003 | BD-DhUL | ||
| 005 | 20160906162432.0 | ||
| 008 | 160904s2005 ii ||||| |||| 00| 0 b d | ||
| 040 |
_cBD-DhUL _dBD-DhUL |
||
| 082 |
_a954.14 _bCHG |
||
| 100 | _aচট্টোপাধ্যায়, ভাস্কর | ||
| 245 | 1 | 0 |
_aগৌড়-বঙ্গের ইতিহাস ও সংস্কৃতি : _cভাস্কর চট্টোপাধ্যায়, _bদ্বিতীয় ভাগ / |
| 260 |
_aকলকাতা : _bগ্রন্থমিত্র, _c২০০৫. |
||
| 300 |
_a২০৭ পৃ. ; _c২১ সে. মি |
||
| 651 |
_aভারত _xইতিহাস |
||
| 651 |
_aIndia _xHistory |
||
| 700 | _aসেনগুপ্ত, গৌরাঙ্গ গোপাল | ||
| 942 |
_2ddc _cBK |
||
| 999 |
_c104453 _d104453 |
||